Servicio secreto chileno en la Guerra del Pacífico / (Registro nro. 16336)

Detalles MARC
000 -CABECERA
Campo de control de longitud fija 01302nam a2200277 a 4500
003 - IDENTIFICADOR DEL NÚMERO DE CONTROL
Campo de control CL-SaCFP
005 - FECHA Y HORA DE LA ÚLTIMA TRANSACCIÓN
Campo de control 20260226165428.0
008 - CÓDIGOS DE INFORMACIÓN DE LONGITUD FIJA
Campo de control de longitud fija 210316s2020 amcach b 000 0 spa
015 ## - NÚMERO DE BIBLIOGRAFÍA NACIONAL
Número de bibliografía nacional cl-2020-xxxx
Fuente bcl
020 ## - NÚMERO INTERNACIONAL NORMALIZADO PARA LIBROS (ISBN)
Número Internacional Normalizado para Libros (ISBN) 9789569977008
040 ## - FUENTE DE LA CATALOGACIÓN
Centro transcriptor CL
043 ## - CÓDIGO DE ÁREA GEOGRÁFICA
Código de área geográfica s-cl---
-- s-bl---
-- s-pe---
082 04 - NÚMERO DE LA CLASIFICACIÓN DECIMAL DEWEY
Número de clasificación 983.061 P276 2020
Número de edición 21
100 1# - PUNTO DE ACCESO PRINCIPAL - NOMBRE DE PERSONA
Nombre de persona Parvex, Guillermo
245 10 - MENCIÓN DE TÍTULO
Título Servicio secreto chileno en la Guerra del Pacífico /
Mención de responsabilidad etc. Guillermo Parvex.
250 ## - MENCIÓN DE EDICIÓN
Mención de edición Séptima edición: octubre de 2020.
260 ## - PUBLICATION, DISTRIBUTION, ETC. (IMPRINT)
Lugar de publicación distribución etc. Santiago de Chile :
Nombre del editor distribuidor etc. Penguin Random House Grupo Editorial S.A.,
Fecha de publicación distribución etc. 2020
Lugar de fabricación (Santiago, Chile :
Fabricante CyC Impresores Ltda.)
300 ## - DESCRIPCIÓN FÍSICA
Extensión 305 páginas :
Otras características físicas ilustraciones, retratos, facsímiles ;
Dimensiones 23 cm.
504 ## - NOTA DE BIBLIOGRAFÍA; ETC.
Nota de bibliografía etc. Bibliografía: páginas 301-303.
504 ## - NOTA DE BIBLIOGRAFÍA; ETC.
Nota de bibliografía etc. Incluye notas bibliográficas.
505 2# - NOTA DE CONTENIDO CON FORMATO
Nota de contenido con formato La época de preguerra --
Título Reformas con el inicio de hostilidades --
-- Tras las líneas de los aliados --
-- Agentes y exploradores en Tarapacá --
-- Operaciones en el hemisferio norte --
-- Hacia Arica y Tacna --
-- Se debe continuar avanzando hacia el norte --
-- De Arica a Lima --
-- El servicio durante la ocupación --
-- Los agentes del servicio secreto chileno.
650 #7 - PUNTO DE ACCESO ADICIONAL DE MATERIA - TÉRMINO DE MATERIA
Término de materia o nombre geográfico como elemento inicial Guerra del Pacífico, 1879-1884
650 #7 - PUNTO DE ACCESO ADICIONAL DE MATERIA - TÉRMINO DE MATERIA
Término de materia o nombre geográfico como elemento inicial Espionaje chileno
942 ## - ENTRADA PARA ELEMENTOS AGREGADOS (KOHA)
Fuente de clasificación o esquema de ordenación en estanterías Dewey Decimal Classification
Koha [por defecto] tipo de item Libros
949 ## - LOCAL PROCESSING INFORMATION (OCLC)
a c
b c
Existencias
Suprimido Estado de pérdida Fuente de clasificación o esquema de ordenación en estanterías Estropeado No para préstamo Código de colección Localización permanente Localización actual Localización en estanterías Fecha de adquisición Préstamos totales Renovaciones totales Signatura completa Código de barras Fecha última consulta Fecha último préstamo Número de ejemplar Fecha del precio de reemplazo Tipo de item de Koha
    Dewey Decimal Classification     Colección General Biblioteca Central Biblioteca Central Colección General 26/02/2026 1 2 983.061 P276 2020 3563000054704 01/04/2026 26/02/2026 c.1 26/02/2026 Libros